Eastern Utah Libraries Catalog: Duchesne, Heber, Roosevelt, & Vernal

Everybody's got something : (Record no. 283713)

MARC details
000 -LEADER
fixed length control field 03808pim a2200697 i 4500
001 - CONTROL NUMBER
control field bbc1478982548
003 - CONTROL NUMBER IDENTIFIER
control field CtWfDGI
005 - DATE AND TIME OF LATEST TRANSACTION
control field 20200320192359.0
006 - FIXED-LENGTH DATA ELEMENTS--ADDITIONAL MATERIAL CHARACTERISTICS--GENERAL INFORMATION
fixed length control field m q c
007 - PHYSICAL DESCRIPTION FIXED FIELD--GENERAL INFORMATION
fixed length control field sd fsngnnmmned
007 - PHYSICAL DESCRIPTION FIXED FIELD--GENERAL INFORMATION
fixed length control field co cg
008 - FIXED-LENGTH DATA ELEMENTS--GENERAL INFORMATION
fixed length control field 131120t20142014orunnnn m n eng d
020 ## - INTERNATIONAL STANDARD BOOK NUMBER
International Standard Book Number 9781478982548 (library ed.)
020 ## - INTERNATIONAL STANDARD BOOK NUMBER
International Standard Book Number 1478982543 (library ed.)
024 3# - OTHER STANDARD IDENTIFIER
Standard number or code 9781478982548
028 01 - PUBLISHER NUMBER
Publisher number Zb8sq
Source Blackstone Audio
040 ## - CATALOGING SOURCE
Original cataloging agency CtWfDGI
Language of cataloging eng
Description conventions rda
Transcribing agency CtWfDGI
043 ## - GEOGRAPHIC AREA CODE
Geographic area code n-us---
050 14 - LIBRARY OF CONGRESS CALL NUMBER
Classification number RC280.B8
Item number R586 2014d
082 04 - DEWEY DECIMAL CLASSIFICATION NUMBER
Classification number 362.19699/4490092
Edition number 23
098 14 - OTHER CLASSIFICATION SCHEMES (OCLC)
Call number based on other classification scheme V
-- ROBE
-- EGS
-- R 8sq
100 1# - MAIN ENTRY--PERSONAL NAME
Personal name Roberts, Robin,
Dates associated with a name 1960-
Relator term author,
-- narrator.
9 (RLIN) 42695
245 10 - TITLE STATEMENT
Title Everybody's got something :
Remainder of title a memoir /
Statement of responsibility, etc by Robin Roberts, with Veronica Chambers.
250 ## - EDITION STATEMENT
Edition statement Unabridged.
264 #1 - Production, Publication, Distribution, Manufacture, and Copyright Notice.
Place of production, publication, distribution, manufacture [Ashland, Oregon] :
Name of producer, publisher, distributor, manufacturer Blackstone Audio, Inc. ;
Place of production, publication, distribution, manufacture New York, NY :
Name of producer, publisher, distributor, manufacturer Hachette Audio,
Date of production, publication, distribution, manufacture, or copyr [2014]
264 #4 - Production, Publication, Distribution, Manufacture, and Copyright Notice.
Date of production, publication, distribution, manufacture, or copyr ℗2014
300 ## - PHYSICAL DESCRIPTION
Extent 7 audio discs (approximately 7.5 hr.) :
Other physical details digital, CD audio ;
Dimensions 4 3/4 in. +
Accompanying material 1 PDF disc.
336 ## - Content Type
Content type term spoken word
339 ## -
-- still image
-- sti
-- rdacontent
337 ## - Media type
Media type term audio
337 ## - Media type
Media type term computer
338 ## - Carrier type
Carrier type term audio disc
338 ## - Carrier type
Carrier type term computer disc
344 ## -
-- digital
-- optical
-- stereo
-- rda
347 ## -
-- audio file
-- CD audio
-- rda
347 ## -
-- image file
-- PDF
-- rda
538 ## - SYSTEM DETAILS NOTE
System details note System requirements for accompanying PDF/CD-ROM: PC with Adobe Acrobat or other PDF reader.
511 0# - PARTICIPANT OR PERFORMER NOTE
Participant or performer note Read by the author.
500 ## - GENERAL NOTE
General note Duration: 7:30:00.
500 ## - GENERAL NOTE
General note Compact discs.
500 ## - GENERAL NOTE
General note "Tracks every 3 minutes for easy bookmarking"--Container.
500 ## - GENERAL NOTE
General note "Includes a PDF of photos"--Container.
520 ## - SUMMARY, ETC.
Summary, etc Good Morning America anchor Robin Roberts's new memoir recounts the incredible journey that's been her life so far, and the lessons she's learned along the way. With grace, heart, and humor, she writes about overcoming breast cancer only to learn five years later that she would need a bone marrow transplant to combat a rare blood disorder, the grief and heartbreak she suffered when her mother passed away, her triumphant return to GMA after her medical leave, and the tremendous support and love of her family and friends that saw her through her difficult times. Following her mother's advice to "make your mess your message," Robin taught a nation of viewers that while it is true that we've all got something--a medical crisis to face, aging parents to care for, heartbreak in all its many forms--we've also all got something to give: hope, encouragement, a life-saving transplant, or a spirit-saving embrace. As Robin has learned, and what listeners of her remarkable story will come to believe as well, it's all about faith, family, and friends. And finding out that you are stronger--much stronger--than you think.
600 10 - SUBJECT ADDED ENTRY--PERSONAL NAME
Personal name Roberts, Robin,
Dates associated with a name 1960-
9 (RLIN) 42695
600 10 - SUBJECT ADDED ENTRY--PERSONAL NAME
Personal name Roberts, Robin,
Dates associated with a name 1960-
General subdivision Health.
9 (RLIN) 5888604
650 #0 - SUBJECT ADDED ENTRY--TOPICAL TERM
Topical term or geographic name as entry element Breast
General subdivision Cancer
-- Patients
Geographic subdivision United States
Form subdivision Biography.
9 (RLIN) 5888605
650 #0 - SUBJECT ADDED ENTRY--TOPICAL TERM
Topical term or geographic name as entry element Myelodysplastic syndromes
General subdivision Patients
Geographic subdivision United States
Form subdivision Biography.
9 (RLIN) 5888606
650 #0 - SUBJECT ADDED ENTRY--TOPICAL TERM
Topical term or geographic name as entry element Women television news anchors
Geographic subdivision United States
Form subdivision Biography.
9 (RLIN) 5888607
650 #0 - SUBJECT ADDED ENTRY--TOPICAL TERM
Topical term or geographic name as entry element Life change events.
9 (RLIN) 5888608
650 #0 - SUBJECT ADDED ENTRY--TOPICAL TERM
Topical term or geographic name as entry element Faith.
9 (RLIN) 5888609
650 #0 - SUBJECT ADDED ENTRY--TOPICAL TERM
Topical term or geographic name as entry element Hope.
9 (RLIN) 5888610
650 #0 - SUBJECT ADDED ENTRY--TOPICAL TERM
Topical term or geographic name as entry element Encouragement.
9 (RLIN) 83289
655 #7 - INDEX TERM--GENRE/FORM
Genre/form data or focus term Audiobooks.
Source of term lcgft
9 (RLIN) 5888611
700 1# - ADDED ENTRY--PERSONAL NAME
Personal name Chambers, Veronica,
Relator term author.
9 (RLIN) 38995
710 2# - ADDED ENTRY--CORPORATE NAME
Corporate name or jurisdiction name as entry element Hachette Audio (Firm)
9 (RLIN) 5695220
710 2# - ADDED ENTRY--CORPORATE NAME
Corporate name or jurisdiction name as entry element Blackstone Audio, Inc.,
Relator term publisher.
9 (RLIN) 5686062
942 ## - ADDED ENTRY ELEMENTS (KOHA)
Koha item type CD
945 ## - LOCAL PROCESSING INFORMATION (OCLC)
c (OCoLC)0863446473
948 ## - LOCAL PROCESSING INFORMATION (OCLC); SERIES PART DESIGNATOR (RLIN)
Series part designator, SPT (RLIN) 05/07/2014
z (OCLC) Sirsi
996 ## -
-- 109149
-- 34301001290271
-- CD
-- CD
-- wcl
-- i
-- 7
-- 51.95
-- .CIRCNOTE. 8 discs
-- blackstone
-- 362.19 Rob
-- 05/07/2014
-- 04/04/2019
-- 03/14/2019
Holdings
Withdrawn status Lost status Source of classification or shelving scheme Materials specified (bound volume or other part) Damaged status Not for loan Collection code Home library Current library Shelving location Date acquired Source of acquisition Cost, normal purchase price Total Checkouts Total Renewals Full call number Barcode Date last seen Date checked out Cost, replacement price Price effective from Koha item type
    Dewey Decimal Classification .CIRCNOTE. 8 discs     Audiobooks Wasatch County Library Wasatch County Library Second Floor 05/07/2014 Blackstone 51.95 9 1 CD 362.19 Rob 34301001290271 09/03/2025 08/19/2025 51.95 03/20/2020 Audiobook on CD
This project was made possible through a grant from the Institute of Museum and Library Service administered by the Utah State Library Division.

Wasatch County Library

  • 465 East 1200 South, Heber City, Utah 84032
  • Phone 435-654-1511 | Fax 435-654-6456

Hours

  • Monday - Friday 9:30 AM - 8:00 PM
  • Saturday 9:30 AM - 1:30 PM
  • Closed Sundays and Holidays